000 00514nam a22001817a 4500
003 CEME
005 20210628201721.0
008 210215b xxu||||| |||| 00| 0 eng d
020 _a0-13-698318-9
040 _c.
082 _a670 FUC
100 _aFuchs, Jerome.H
_956510
245 _aAdvanced manufacturing methods the prentice hall illustrated handbook
260 _aNEW JERSEY
_bPRENTICE HALL
_c1998
300 _aXIVIII,588P
650 _aMANUFACTURING PROCESSES-HANDBOOKS ETC
_956511
942 _cBK
_2ddc
999 _c566898
_d566898